Central Library OPAC University of Rajshahi

Digital principles and applications / (Record no. 14436)

MARC details
000 -LEADER
fixed length control field 01079pam a2200313 a 4500
001 - CONTROL NUMBER
control field 14436
003 - CONTROL NUMBER IDENTIFIER
rucl marc code BD-RjUL
005 - DATE AND TIME OF LATEST TRANSACTION
control field 20211208235628.0
008 - FIXED-LENGTH DATA ELEMENTS--GENERAL INFORMATION
fixed length control field 140206r20051995ii 001 0 eng d
020 ## - INTERNATIONAL STANDARD BOOK NUMBER
International Standard Book Number 0070472580
035 ## - SYSTEM CONTROL NUMBER
System control number (BD-RjUL)14488
040 ## - CATALOGING SOURCE
Original cataloging agency DLC
Transcribing agency DLC
Modifying agency DLC
-- BD-RjUL
Language of cataloging eng
041 ## - LANGUAGE CODE
Language code of text/sound track or separate title eng
082 00 - DEWEY DECIMAL CLASSIFICATION NUMBER
Classification number 621.395
Edition number 20
Author mark and year LED 2005
100 1# - MAIN ENTRY--PERSONAL NAME
Personal name Leach, Donald P.
9 (RLIN) 20101
245 10 - TITLE STATEMENT
Title Digital principles and applications /
Statement of responsibility, etc. Donald P. Leach, Albert Paul Malvino.
250 ## - EDITION STATEMENT
Edition statement 5th ed.
260 ## - PUBLICATION, DISTRIBUTION, ETC. (IMPRINT)
Place of publication, distribution, etc. New York, N.Y. :
Name of publisher, distributor, etc. Glencoe,
Date of publication, distribution, etc. c1995. [Reprintrd 2005]
300 ## - PHYSICAL DESCRIPTION
Pagination X, 638 p. ;
Size 24 cm.
500 ## - GENERAL NOTE
General note Author's names reversed on previous ed.
General note Includes index.
650 #0 - SUBJECT ADDED ENTRY--TOPICAL TERM
Topical term or geographic name as entry element Digital electronics.
9 (RLIN) 19985
Topical term or geographic name as entry element Electronic digital computers
General subdivision Circuits.
9 (RLIN) 20100
700 1# - ADDED ENTRY--PERSONAL NAME
Personal name Malvino, Albert Paul.
856 42 - ELECTRONIC LOCATION AND ACCESS
Materials specified Publisher description
Uniform Resource Identifier <a href="http://www.loc.gov/catdir/description/mh031/93029589.html">http://www.loc.gov/catdir/description/mh031/93029589.html</a>
Materials specified Table of contents
Uniform Resource Identifier <a href="http://www.loc.gov/catdir/toc/mh031/93029589.html">http://www.loc.gov/catdir/toc/mh031/93029589.html</a>
942 ## - ADDED ENTRY ELEMENTS (KOHA)
Source of classification or shelving scheme Dewey Decimal Classification
Koha item type Books
Holdings
Lost status Source of classification or shelving scheme Damaged status Not for loan Collection code Permanent Location Current Location Shelving location Date acquired Source of acquisition Cost, normal purchase price Total Checkouts Full call number Date last seen Date checked out Copy number Koha item type
  Dewey Decimal Classification     Non-fiction Central Library, University of Rajshahi Central Library, University of Rajshahi   07/06/2006 Dhaka, Paragon Enterprises Ltd 250.00 1 621.395 LED 2005 15/02/2018 01/02/2018 C-3 Books
  Dewey Decimal Classification     Non-fiction Central Library, University of Rajshahi Central Library, University of Rajshahi   07/06/2006 Dhaka paragon enterprises ltd. 250.00   621.395 LED 1995 08/10/2016   C-4 Books
  Dewey Decimal Classification   Not For Loan Non-fiction Central Library, University of Rajshahi Central Library, University of Rajshahi Reading Room 07/06/2006 Paragon Enterprise Ltd. 250.00   621.395 LED 2005 23/03/2017   C-1 Books